000 00319nam a2200121 a 4500
999 _c10568
_d10568
100 1 _aQaiser Rashid
245 1 0 _aCurrent Affairs /
260 _a[Lahore] :
_bAamer pub
_c2014.
300 _a344 p.
650 _aCurrent Affairs-Pakistan
856 4 0 _uhttp://www.amazon.com/exec/obidos/ASIN/chopaconline-20
942 _cBK